| 000 | 00856nam a2200253 a 4500 | ||
|---|---|---|---|
| 001 | 72726 | ||
| 003 | BD-RjUL | ||
| 005 | 20211209082313.0 | ||
| 008 | 170522s1953 enka b 001 0 eng d | ||
| 035 | _a(BD-RjUL)72944 | ||
| 040 |
_aDLC _cCarP _dBD-RjUL _beng |
||
| 041 | _aeng | ||
| 082 |
_223 _a582.13095493 _bBOW 1953 |
||
| 100 | 1 |
_aBond, Thomas E. T. _9215123 |
|
| 245 | 1 | 0 |
_aWild flowers of the Ceylon hills : _bsome familiar plants of the up-country districts / _cThomas E. T. Bond ; illustrated by Jessie & Thomas Bond |
| 260 |
_aGeoffrey : _bOxford University Press, _c1953. |
||
| 300 |
_axiii, 240 p. : _bill. ; _c22 cm. |
||
| 504 | _aIncludes bibliographical footnotes and idexes. | ||
| 650 | 0 |
_aWild flowers _zSri Lanka. _9215562 |
|
| 650 | 0 |
_aBotany _zSri Lanka. _9215124 |
|
| 700 |
_aJessie _9215125 |
||
| 942 |
_2ddc _cBK |
||
| 999 |
_c72726 _d72726 |
||